Concise Oxford dictionary of linguistics
Gardado en:
| Autor Principal: | |
|---|---|
| Formato: | Libro |
| Idioma: | Undetermined |
| Publicado: |
Oxford
Oxford Univ. Press
1997
|
| Những chủ đề: | |
| Các nhãn: |
Engadir etiqueta
Sen Etiquetas, Sexa o primeiro en etiquetar este rexistro!
|
| Thư viện lưu trữ: | Trung tâm Học liệu Trường Đại học Cần Thơ |
|---|
| LEADER | 00567nam a2200193Ia 4500 | ||
|---|---|---|---|
| 001 | CTU_35000 | ||
| 008 | 210402s9999 xx 000 0 und d | ||
| 020 | |b 203.000đ | ||
| 082 | |a 410.3 | ||
| 082 | |b M442 | ||
| 100 | |a Peter Hugoe Matthews | ||
| 245 | 0 | |a Concise Oxford dictionary of linguistics | |
| 245 | 0 | |c Peter Hugoe Matthews | |
| 260 | |a Oxford | ||
| 260 | |b Oxford Univ. Press | ||
| 260 | |c 1997 | ||
| 650 | |a english language - dictionaries,linguistics - dictionaries | ||
| 904 | |i Minh, 000214 | ||
| 980 | |a Trung tâm Học liệu Trường Đại học Cần Thơ | ||